000 00507nam a22001817a 4500
005 20251108165524.0
008 250721s2001 xx 000 0 ara d
082 1 4 _aم/811.9565/محم
100 1 _aمحمود، حيدر
245 1 0 _aالأعمال الشعرية /
264 1 _aعمان :
_bأمانة عمان الكبرى،
_c2001.
300 _a480ص
650 1 7 _aالشعر العربي
650 1 7 _aالعصر الحديث
650 1 7 _aالأردن
942 _2ddc
_cREF
999 _c29897
_d29897